| 000 | 00591cam a22002171 4500 | ||
|---|---|---|---|
| 001 | sa 68018513 | ||
| 003 | DLC | ||
| 005 | 20260227112712.0 | ||
| 008 | 770707s1965 io 000 0 ind | ||
| 010 | _asa 68018513 | ||
| 035 | _a(OCoLC)3097543 | ||
| 040 |
_aDLC _cOAU _dDLC |
||
| 042 | _apremarc | ||
| 050 | 0 | 0 |
_aDS231 _b.U45 |
| 100 | 1 | _aUmar, A. Muʼin. | |
| 245 | 1 | 0 |
_aSedjarah Arab sebelum Islam, _coleh A. Mu'in Umar. |
| 260 |
_aJogjakarta, _bStendik Biro Kemahasiswaan IAIN al-Djami'ah _c[1965] |
||
| 300 |
_a52 p. _c20 cm. |
||
| 500 | _aCover title. | ||
| 650 | 0 |
_aArabs _xHistory. |
|
| 999 |
_c88469 _d88469 |
||